Quiz sulla Puglia - Statistics

Statistiche generali
  • Questo quiz è stato fatto 2.451 volte
  • Il punteggio medio è 20 su 29
Statistiche sulle risposte
Definizioni Risposte % Corretto
Capoluogo di Regione Bari
99%
Regioni confinanti Basilicata
96%
Mare che bagna la Regione Mar Adriatico
96%
Regioni confinanti Molise
96%
Altre Province Lecce
95%
Stato estero più vicino alla Puglia Albania
94%
Mare che bagna la Regione Mar Ionio
94%
Regioni confinanti Campania
93%
Altre Province Foggia
91%
Altre Province Taranto
90%
Altre Province Barletta-Andria-Trani
88%
Altre Province Brindisi
87%
La Puglia è soprannominata per la sua conformazione geografica Il {Tacco} d'Italia
85%
Località con i caratteristici Trulli Alberobello
84%
Tipico formato di pasta da condire con ragù o con le cime di rapa Orecchiette
79%
Tipici anellini di pane Taralli
77%
Area geografica dell'area più meridionale della Puglia Salento
70%
Promontorio con Vieste Gargano
67%
La seconda area pianeggiante più grande d'Italia dopo la Pianura Padana {Tavoliere} delle Puglie
66%
Uno dei cantanti italiani più famosi al mondo conosciuto come "Mister Volare" Domenico Modugno
65%
Località famosa per tipico pane Altamura
64%
Città che dà il nome all'omonimo canale che separa l'Italia da questo Stato Otranto
49%
Arcipelago la cui isola più grande è San Domino Tremiti
47%
A Castel del Monte sorge un famoso monumento fatto costruire da questo re normanno Federico II
36%
Altopiano che occupa gran parte della Puglia centrale Murge
31%
Località dove Annibale sconfisse i Romani nel 216 a.C. Canne
28%
Importante teatro del capoluogo ricostruito dopo un devastante incendio Teatro Petruzzelli
24%
Fu uno dei più grandi attori di Hollywood del cinema muto Rodolfo Valentino
16%
Area geografica dell'area più settentrionale della Regione Capitanata
8%
Nessun quiz corrispondente trovato
Distribuzione punteggi
Percentuale di utenti per punteggio
Percentile per numero di risposta
I tuoi punteggi nel tempo
Non hai fatto questo quiz